| 000 | 00401nas a2200157 i 4500 | ||
|---|---|---|---|
| 001 | 181696 | ||
| 003 | ES-MaACL | ||
| 005 | 20250217134906.0 | ||
| 008 | 130315q18001899xxk | | ||ng d | ||
| 245 | 0 | 4 | _aThe new monthly magazine. |
| 260 |
_aLondon : _bChapman and Hall, _c[18-] |
||
| 300 |
_a11 v. ; _c22 cm. |
||
| 852 |
_aES-MaACL _jB-8059-69 |
||
| 866 | 0 | _o1862-1866. | |
| 999 |
_c181696 _d181696 |
||